00294nam a2200121Ia 450000500170000000800410001708200130005810000120007124500240008326000430010730000120015065000100016220250316171624.0240331s9999 xx 000 0 und d bJAHa894 aJahan,F 0aOru kadal neerootri aChennai bPanikkudam Pathippagamc2007 a64 p ., aPoems